000 00551cam a22002291 4500
001 sa 68015816
003 DLC
005 20260227112647.0
008 940711s1966 ii 000 0 telo
010 _asa 68015816
025 _aPL480:I-Te-1904
035 _a(OCoLC)30748224
040 _aDLC
_cCU
_dCU
_dDLC
042 _apremarc
050 0 0 _aPL4780.8
_b.M62
100 1 _aMōhan, K. R. K.,
_d1933-
245 1 0 _aRāgarēkhalu.
260 _c[1966]
300 _a187 p.
_c19 cm.
500 _aIn Telugu.
650 0 _aShort stories, Telugu.
999 _c86705
_d86705